Bytový dom

Guardado en:
Detalles Bibliográficos
Autor principal: Horváth, Ádám (Autor)
Otros Autores: Petro, Marek (Orientador)
Formato: Manuscrito Libro
Lenguaje:eslovaco
Publicado: 2015
Materias:
Acceso en línea:http://is.stuba.sk/zp/portal_zp.pl?podrobnosti=98809
https://opac.crzp.sk/?fn=detailBiblioForm&sid=FF44C990A7CA883E4E8758929FD7
Etiquetas: Agregar Etiqueta
Sin Etiquetas, Sea el primero en etiquetar este registro!

MARC

LEADER 00000ntm a22000003a 4500
001 stuzp51311
003 SK-STU
005 20230811115704.5
007 ta
008 150427s2015----xo-----f-mn---000-0-slo-d
040 |a STU  |b slo 
041 0 |a slo 
100 1 |a Horváth, Ádám  |u 010270  |4 aut  |U SvF Stavebná fakulta  |T SvF Katedra technológie stavieb  |X 54848  |U V270  |Y 28  |7 54848 
242 0 1 |a Apartment building  |y eng 
245 1 0 |a Bytový dom 
260 |c 2015 
650 4 |a Vyhotovenie lešenia  |2 slo 
650 4 |a Projekt organizácie výstavby  |2 slo 
650 4 |a Časový plán  |2 slo 
650 4 |a Construction organization plan  |2 eng 
650 4 |a Construction schedule  |2 eng 
650 4 |a Bachelor thesis  |2 eng 
700 1 |a Petro, Marek  |4 ths  |X 18958  |7 A000018958 
856 4 |u http://is.stuba.sk/zp/portal_zp.pl?podrobnosti=98809 
856 4 |u https://opac.crzp.sk/?fn=detailBiblioForm&sid=FF44C990A7CA883E4E8758929FD7 
SQL |a stuzp51311  |b DBP  |c SLO  |d Bytový dom  |e 54848  |f Horváth, Ádám  |g 010270  |h 18958  |i Petro, Marek  |j 20150623  |k 6  |l 01  |m http://is.stuba.sk/zp/portal_zp.pl?podrobnosti=98809  |n B-TMS  |o 5.2.8. stavebníctvo